García Moreno (notice nᵒ 11521)
[ vue normale ]
| 000 -Sello discográfico | |
|---|---|
| campo de control de longitud fija | 00707nam a2200253 4500 |
| 005 - Identificación de versión | |
| campo de control | 20251016083300.0 |
| 035 ## - Otros números de control del sistema | |
| Número de control del sistema | 5408 |
| 099 ## - fechas locales | |
| Tipo de ítem Koha | LIBRO |
| 100 ## - Datos de procesamiento general | |
| Datos de procesamiento general | 20040610d1959 m y1spay5003 ba |
| 105 ## - Campo de datos codificados: Material textual, monográfico | |
| Datos codificados de monografía | y 001zb |
| 200 1# - Título y mención de responsabilidad | |
| Título propio | García Moreno |
| Designación general del material | texto impreso |
| Otra información del título | el santo del patíbulo |
| Primer mención de responsabilidad | Benjamín Carrión |
| 210 ## - Publicación, distribución, etc. | |
| Lugar de publicación, distribución, etc. | México |
| Nombre del editor, distribuidor, etc. | Fondo de Cultura Económica |
| Fecha de publicación, distribución, etc. | 1959 |
| 215 ## - Descripción física | |
| Designación de material específico y extensión del ítem | 746 p |
| Dimensiones | 22 cm |
| 345 ## - Nota de información de adquisición | |
| Fuente de adquisición/dirección de la suscripción [OBSOLETO] | Donación |
| 600 ## - Nombre personal usado como materia | |
| Elemento de entrada | García Moreno |
| Parte del nombre distinta del elemento de entrada | Gabriel |
| Fechas | 1821-1875 |
| Adiciones al nombre que no sean fechas | pres. Ecuador |
| Número Koha | 5473 |
| 660 ## - Código de área geográfica | |
| Código | MX |
| 676 ## - Clasificación Decimal Dewey | |
| Número | 923.2 C318g |
| 700 ## - Nombre personal - Responsabilidad primaria | |
| Elemento de entrada | Carrión Mora |
| Parte del nombre distinta del elemento de entrada | Manuel Benjamín |
| Fechas | 1897-1979 |
| Número Koha | 5359 |
| 801 #0 - Fuente de origen | |
| Agencia | cm |
| 900 ## - | |
| -- | 1/7665 |
| 900 ## - | |
| -- | 7100419430\100604 |
| 942 ## - ELEMENTOS DE ENTRADA SECUNDARIOS (KOHA) | |
| Tipo de ítem Koha | Livre |
Pas d'exemplaire disponible.